The Little Mermaid (Record no. 4698)
[ view plain ]
| 000 -LEADER | |
|---|---|
| fixed length control field | 003430000a22001570004500 |
| 003 - CONTROL NUMBER IDENTIFIER | |
| control field | MACL |
| 040 ## - CATALOGING SOURCE | |
| Original cataloging agency | MACL |
| 090 ## - LOCALLY ASSIGNED LC-TYPE CALL NUMBER (OCLC); LOCAL CALL NUMBER (RLIN) | |
| -- | 4736 |
| -- | 4735 |
| 100 ## - MAIN ENTRY--PERSONAL NAME | |
| Personal name | Dias, Ron |
| 245 ## - TITLE STATEMENT | |
| Title | The Little Mermaid |
| Remainder of title | Ariel's Underwater Adventure |
| 260 ## - PUBLICATION, DISTRIBUTION, ETC. (IMPRINT) | |
| Name of publisher, distributor, etc. | UBSPD Book |
| 350 ## - PRICE (NR) (BK AM CF MU VM SE) [OBSOLETE] | |
| Price | 12 |
| 650 ## - SUBJECT ADDED ENTRY--TOPICAL TERM | |
| Topical term or geographic name as entry element | Children Books |
| 942 ## - ADDED ENTRY ELEMENTS (KOHA) | |
| Koha item type | Library Membar |
| Call number prefix | 741642 |
| 951 ## - EQUIVALENCE OR CROSS-REFERENCE--GEOGRAPHIC NAME/AREA NAME [OBSOLETE] [CAN/MARC only] | |
| -- | 741642 BOOK |
No items available.









